Sociálne nerovnosti a ich regionálny rozmer v Slovenskej republike záverečná správa za celé obdobie riešenia projektu VEGA 1/0330/11 : doba riešenia od 01/2011 do 12/2013

Salvato in:
Dettagli Bibliografici
Autore principale: Šipikalová, Silvia, 1979-
Altri autori: Rievajová, Eva, Husáková, Mária, Sika, Peter, 1975-, Palovičová, Barbora, Pechová, Michaela, 1977-, Antalová, Mária, 1952-, Pongráczová, Eva, 1971-, Poluchová, Ivana, Poláčková, Hana, 1968-, Tkáč, Miroslav, 1987-, Strhár, Pavol, Klimko, Roman, 1985-, Chinoracká, Andrea, Kováčová, Jaroslava, Šimek, Milan
Natura: Libro
Lingua:slovacco
Pubblicazione: Bratislava 2013
Soggetti:
Tags: Aggiungi Tag
Nessun Tag, puoi essere il primo ad aggiungerne!!

MARC

LEADER 00000nam a2200000 4500
001 0184009
005 20240506134131.1
041 0 |a slo 
044 |a SK 
245 1 0 |a Sociálne nerovnosti a ich regionálny rozmer v Slovenskej republike  |b záverečná správa za celé obdobie riešenia projektu VEGA 1/0330/11 : doba riešenia od 01/2011 do 12/2013  |c vedúci projektu: Silvia Šipikalová ; oponenti: Jaroslava Kováčová, Milan Šimek 
264 1 |a Bratislava  |c 2013 
300 |a [13 s.] 
610 2 0 |a nerovnosť sociálna 
610 2 0 |a politika sociálna 
610 2 0 |a kvalita života 
610 2 0 |a regióny 
610 2 0 |a disparita 
610 2 0 |a kríza hospodárska 
100 1 |a Šipikalová, Silvia, 1979- 
700 1 |a Rievajová, Eva 
700 1 |a Husáková, Mária 
700 1 |a Sika, Peter, 1975- 
700 1 |a Palovičová, Barbora 
700 1 |a Pechová, Michaela, 1977- 
700 1 |a Antalová, Mária, 1952- 
700 1 |a Pongráczová, Eva, 1971- 
700 1 |a Poluchová, Ivana 
700 1 |a Poláčková, Hana, 1968- 
700 1 |a Tkáč, Miroslav, 1987- 
700 1 |a Strhár, Pavol 
700 1 |a Klimko, Roman, 1985- 
700 1 |a Chinoracká, Andrea 
700 1 |a Kováčová, Jaroslava 
700 1 |a Šimek, Milan